000 01147nam a22003137a 4500
003 CHAP
005 20220329141025.0
008 971013s1996 r 00010 d
010 _a61442
011 _a62414
035 _a66588
040 _cCHAP
090 _aTesis
100 0 0 _aZapata Rosales, Adriana.
_9123650
245 _aTablas de vida y fertilidad de Zabrotes subfasciatus (Boh.), (Coleoptera : Bruchidae) en cinco materiales de frijol (Phaseolus vulgaris Lin.)
260 _aChapingo, Méx. :
_bEl autor,
_c1996
300 _a42 h.
_b: ilus. ; apénd.
502 _aTesis (Ing. Agr. Esp. en Parasitología Agrícola) -- UACH. Departamento de Parasitología Agrícola
590 _aALEPH
_b10
_c20130110
_lUCH01
_h1342
590 _aBATCH-UPD
_b10
_c20130110
_lUCH01
_h1629
590 _aCONVERSION
_b10
_c20130109
_lUCH01
_h1333
650 1 4 _aFrijol
_xPlagas.
_943415
650 1 4 _aFrijol
_xVariedades resistentes a plagas.
_943450
650 1 4 _aZabrotes subfasciatus.
_9123383
901 _aBK
942 _cFOLL
949 _bBC
_cTES
_d-151807
_eTS1
_h29826
_i66588
_si
949 _bBC
_cTES
_d33724000622775
_eTS2
_fc.2
_h29827
_i66588
_si
999 _c61442
_d61442